000
00371nam a2200169Ia 4500
003
0STCL
008
150530s9999 xx 000 0 und d
040
_a
STCL
_c
STCL
100
_a
Sherwood, G.E.F.; Taylor Angus, E.
245
_a
Calculus
250
_a
Third
260
_c
1958
546
_a
English
942
_2
ddc
_c
BK
999
_c
22865
_d
22865
005
20220125165945.0